000
00144 a2200073 4500
020
_a
0823911071
082
_a
T 179.9 JOHN
245
_a
Responsibility
999
_c
787724
_d
787723
942
_w
300
_x
Thenjiwe Mabuza
_y
300
_z
Thenjiwe Mabuza